000 00280nam a2200109Ia 4500
008 200302s9999 xx 000 0 und d
100 _aSaloni Milano
245 _aMilan Flurniture Fair 2009
260 _bArts for the international Publication
260 _c2009
300 _a298 P.,
999 _c3932
_d3932